00609nam a22001697a 450000500170000001000150001702000260003203500140005803700130007208200120008510000180009724501090011526000390022427000950026330000310035850000500038920191007161738.0 aENG-126616 a9789353284541c375.00 aEN-110148 bDBAD/PUB a338.064 aKapoor, Mansi aGlobal business environment :cby Mansi Kapoorbshifting paradigms in the fourth industrial revolution / aNew DelhibSAGE Publicationsc2019 aB1/1-1, Mohan Cooperative Industrial AreabMathura Road, New Delhie110044mwww.sagepub.in avarious paging.c24cm(pbk) aIncludes bibliographical references and index